000 00590nam a2200205 a 4500
005 20151109142935.0
008 140317b1996 ||||| |||| 00| 0 eng d
040 _aCO-BoIAVH
_cCO-BoIAVH
041 _aeng
090 _aLB
_b04204
100 _aMcNeely, Jeffrey
_922144
245 _aAchieving financial sustainability in biodiversity conservation programmes
260 _as.l.
_bIUCN
_c1996
300 _a40 p.
650 _aImpuestos Ambientales
_941171
650 _aBiodiversidad y Financiación
_941172
650 _aPoliticas
_941173
942 _cINFORME
_2z
945 _d2005-07-22
999 _c4708
_d4708